000 00504nam a2200193Ia 4500
005 20250326142109.0
008 250326s9999 xx 000 0 und d
037 _aTextbook
040 _aFMSL
_beng
_cFMSL
041 _aeng
_2eng
084 _qFMSL
100 _aDessler Gary
245 0 _aOrganization theory : Integrating structure and behaviour
_cDessler Gary
250 _a2nd
260 _aPrentice
_bPrentice, Hall
_c1986
300 _a495p
942 _cTB
999 _c1293425
_d1293425